Činnosti, vykonávanie ktorých môže byť predmetom voľných živností
Voľné živnosti. Prehľad okruhov činností, ktoré môžu byť predmetom voľných živností. Remeselné živnosti. Príloha k zákonu č. 455/1991 Zb. v znení neskorších predpisov. Viazané živnosti. Príloha č. 2 k zákonu č. 455/1991 Zb. v znení neskorších predpisov. Koncesované živnosti. Príloha č. 3 k zákonu č....
Salvato in:
| Autore principale: | |
|---|---|
| Natura: | Capitolo di libro |
| Lingua: | slovacco |
| Soggetti: | |
| Tags: |
Nessun Tag, puoi essere il primo ad aggiungerne!!
|
MARC
| LEADER | 00000naa a2200000 4500 | ||
|---|---|---|---|
| 001 | r045941 | ||
| 005 | 20230919093525.4 | ||
| 041 | 0 | |a slo | |
| 044 | |a SK | ||
| 245 | 1 | 0 | |a Činnosti, vykonávanie ktorých môže byť predmetom voľných živností |c Pavol Karel |
| 520 | |a Voľné živnosti. Prehľad okruhov činností, ktoré môžu byť predmetom voľných živností. Remeselné živnosti. Príloha k zákonu č. 455/1991 Zb. v znení neskorších predpisov. Viazané živnosti. Príloha č. 2 k zákonu č. 455/1991 Zb. v znení neskorších predpisov. Koncesované živnosti. Príloha č. 3 k zákonu č. 455/1991 Zb. Príloha č. 4 k zákonu č. 455/1991 Zb. Živnosti, ktoré môžu vykonávať iba osoby s osobitnou odbornou spôsobilosťou. | ||
| 610 | 2 | 0 | |a živnosti |
| 610 | 2 | 0 | |a živnostníci |
| 610 | 2 | 0 | |a remeslá |
| 610 | 2 | 0 | |a služby |
| 610 | 2 | 0 | |a podnikanie živnostenské |
| 100 | 1 | |a Karel, Pavol | |